[Event "Gibraltar Chess Festival 2017 - Masters"]
[Site "Gibraltar ENG"]
[Date "2017.01.29"]
[Round "6.104"]
[White "Gamboa Alvarado, Olga Leticia"]
[Black "Hewson, Brian Wr"]
[Result "0-1"]
[WhiteElo "1913"]
[BlackElo "2055"]
[PlyCount "118"]
[EventDate "2017.01.24"]
[EventType "swiss"]
[EventRounds "10"]
[EventCountry "ENG"]
[SourceTitle "Ajedrez en Madrid"]
[Source "lmi"]
[SourceDate "2017.01.24"]

1. d4 Nf6 2. c4 e6 3. Nc3 d5 4. cxd5 exd5 5. Bg5 c6 6. e3 Be7 7. Qc2 Bg4 8. Bd3
Bh5 9. Nf3 Nbd7 10. Rb1 a5 11. O-O Bg6 12. Ne5 Bxd3 13. Qxd3 Nxe5 14. dxe5 Nd7
15. Bxe7 Qxe7 16. f4 O-O 17. Rf3 f6 18. Rh3 g6 19. exf6 Rxf6 20. g4 Re8 21. g5
Re6 22. Re1 Nc5 23. Qd4 Ne4 24. Nd1 Qb4 25. Re2 Qxd4 26. exd4 Nxg5 27. Rhe3
Rxe3 28. Rxe3 Rxe3 29. Nxe3 Nf3+ 30. Kf2 Nxd4 31. Ng4 h5 32. Ne5 Kg7 33. Ke3
Ne6 34. a3 Kf6 35. Nf3 c5 36. b3 b6 37. Ne5 Nf8 38. b4 axb4 39. axb4 Kf5 40.
Nc6 d4+ 41. Kf3 Nd7 42. b5 Ke6 43. Ke4 Nf6+ 44. Kd3 Nd5 45. Ne5 Nxf4+ 46. Ke4
Nd5 47. Nxg6 Nc3+ 48. Kd3 Nxb5 49. Nf4+ Ke5 50. Nxh5 Nd6 51. Ng3 c4+ 52. Kc2
d3+ 53. Kc3 Ne4+ 54. Kxc4 Nxg3 55. Kxd3 Nf5 56. Kc4 Nd6+ 57. Kd3 Kf4 58. Kd4
Kg4 59. Kd5 b5 0-1

[Event "Gibraltar Chess Festival 2017 - Masters"]
[Site "Gibraltar ENG"]
[Date "2017.01.29"]
[Round "6.105"]
[White "Gluckman, Paul"]
[Black "Hamer, Martyn"]
[Result "1-0"]
[WhiteElo "1831"]
[BlackElo "2039"]
[PlyCount "109"]
[EventDate "2017.01.24"]
[EventType "swiss"]
[EventRounds "10"]
[EventCountry "ENG"]
[SourceTitle "Ajedrez en Madrid"]
[Source "lmi"]
[SourceDate "2017.01.24"]

1. e4 e6 2. d4 d5 3. Nc3 Bb4 4. e5 Ne7 5. a3 Bxc3+ 6. bxc3 c5 7. a4 Qa5 8. Bd2
Nbc6 9. Nf3 Qc7 10. Bd3 h6 11. O-O c4 12. Be2 Bd7 13. Bc1 f6 14. Re1 O-O-O 15.
Ba3 Rde8 16. Bf1 fxe5 17. dxe5 g5 18. Bd6 Qd8 19. Nd4 h5 20. Nb5 Nf5 21. Qb1 a6
22. Nc7 Nxd6 23. exd6 Ref8 24. Qb6 Nb8 25. Rab1 Bc6 26. Rxe6 Rf7 27. Qe3 g4 28.
Na8 Nd7 29. Re7 Rf6 30. Re6 Rxe6 31. Qxe6 Qf6 32. Nb6+ Kd8 33. Qxf6+ Nxf6 34.
Rd1 h4 35. Rd4 Re8 36. f3 gxf3 37. gxf3 Re6 38. Rxh4 Rxd6 39. Rh8+ Be8 40. a5
Kc7 41. Kf2 Kc6 42. Nc8 Rd7 43. Rh6 Rf7 44. Bh3 Bd7 45. Ne7+ Kc7 46. Bxd7 Kxd7
47. Nf5 Ke6 48. Nd4+ Ke5 49. Ke3 Kd6 50. Kf4 Kc5 51. Ke5 Ne8 52. Rb6 Nc7 53.
Rxb7 Re7+ 54. Kf6 Rh7 55. Rxc7+ 1-0

[Event "Gibraltar Chess Festival 2017 - Masters"]
[Site "Gibraltar ENG"]
[Date "2017.01.29"]
[Round "6.106"]
[White "Lochte, Szilvia"]
[Black "Bendayan Claros, Aaron"]
[Result "0-1"]
[WhiteElo "1829"]
[BlackElo "2128"]
[PlyCount "64"]
[EventDate "2017.01.24"]
[EventType "swiss"]
[EventRounds "10"]
[EventCountry "ENG"]
[SourceTitle "Ajedrez en Madrid"]
[Source "lmi"]
[SourceDate "2017.01.24"]

1. d4 Nf6 2. Bf4 d5 3. e3 c5 4. c3 Nc6 5. Nd2 cxd4 6. exd4 g6 7. Ngf3 Bg7 8.
Bd3 O-O 9. Ne5 Nh5 10. Nxc6 bxc6 11. Be3 Qd6 12. Be2 Nf4 13. Bxf4 Qxf4 14. Nf3
Bf5 15. O-O Rab8 16. b3 f6 17. c4 Qd6 18. Nh4 Bd7 19. f4 e5 20. dxe5 fxe5 21.
cxd5 cxd5 22. fxe5 Bxe5 23. Rc1 Bxh2+ 24. Kh1 Be6 25. Qd3 Kg7 26. Qd4+ Kh6 27.
Nf3 Bf4 28. Rc3 Rf7 29. Nh2 Rb4 30. Qg1 Qe5 31. Rc2 Be3 32. Nf3 Rxf3 0-1

[Event "Gibraltar Chess Festival 2017 - Masters"]
[Site "Gibraltar ENG"]
[Date "2017.01.29"]
[Round "6.107"]
[White "Fomani, Medhi"]
[Black "Miracola, Giorgia"]
[Result "1-0"]
[WhiteElo "2042"]
[BlackElo "1924"]
[PlyCount "77"]
[EventDate "2017.01.24"]
[EventType "swiss"]
[EventRounds "10"]
[EventCountry "ENG"]
[SourceTitle "Ajedrez en Madrid"]
[Source "lmi"]
[SourceDate "2017.01.24"]

1. d4 g6 2. Nf3 Bg7 3. g3 c5 4. c3 Nf6 5. Bg2 O-O 6. O-O d5 7. Nbd2 Nc6 8. Re1
Re8 9. Nb3 cxd4 10. cxd4 Ne4 11. Be3 b6 12. Nfd2 Nxd2 13. Qxd2 Bf5 14. Rac1 Rc8
15. a3 Qd7 16. f4 a5 17. Na1 a4 18. b4 axb3 19. Nxb3 Ra8 20. Ra1 Ra4 21. Bf2
Rea8 22. Qb2 Rc4 23. Rec1 Raa4 24. e3 g5 25. Nd2 Rxc1+ 26. Rxc1 gxf4 27. gxf4
Na5 28. Qxb6 Nc4 29. Nxc4 Rxc4 30. Rxc4 dxc4 31. Qb4 Bd3 32. h3 e6 33. Qb8+ Bf8
34. Be1 Kg7 35. Bc3 f6 36. Qb2 Qa4 37. d5 Be7 38. dxe6 Qxa3 39. Bxf6+ 1-0

[Event "Gibraltar Chess Festival 2017 - Masters"]
[Site "Gibraltar ENG"]
[Date "2017.01.29"]
[Round "6.108"]
[White "Winter, Kevin"]
[Black "Odeh, Kenneth"]
[Result "1-0"]
[WhiteElo "1818"]
[BlackElo "1969"]
[PlyCount "129"]
[EventDate "2017.01.24"]
[EventType "swiss"]
[EventRounds "10"]
[EventCountry "ENG"]
[SourceTitle "Ajedrez en Madrid"]
[Source "lmi"]
[SourceDate "2017.01.24"]

1. d4 Nf6 2. Bf4 d5 3. e3 e6 4. Nf3 Be7 5. c3 O-O 6. Nbd2 b6 7. Bd3 Ba6 8. Bxa6
Nxa6 9. Qe2 Nb8 10. Ne5 Nfd7 11. Ndf3 c5 12. Nxd7 Nxd7 13. O-O c4 14. e4 dxe4
15. Qxe4 Nf6 16. Qe2 Rc8 17. Rfe1 Nd5 18. Bg3 Bd6 19. Ne5 b5 20. a3 Re8 21. Qg4
f5 22. Qf3 g5 23. h3 Rc7 24. Qd1 f4 25. Bh2 Bxe5 26. Rxe5 Qf6 27. Qg4 h6 28.
Rae1 Rce7 29. h4 Qg6 30. h5 Qf7 31. Qe2 a6 32. g4 Qh7 33. Qe4 Qxe4 34. R1xe4
Nf6 35. f3 Nxe4 36. fxe4 Rc7 37. Kf2 Kf7 38. Kf3 Rb7 39. Bg1 Rc8 40. d5 exd5
41. Rxd5 Ke6 42. Bd4 Rd7 43. Re5+ Kf7 44. Rf5+ Kg8 45. Rf6 Rcd8 46. Rxa6 Kh7
47. Rb6 Rxd4 48. cxd4 Rxd4 49. e5 Rd3+ 50. Ke4 Re3+ 51. Kf5 Rd3 52. e6 Kg7 53.
Rb7+ Kg8 54. Kg6 Rd8 55. Rxb5 Kf8 56. Kf6 Rc8 57. a4 f3 58. Rf5 c3 59. bxc3
Rxc3 60. a5 Ke8 61. a6 Ra3 62. Rb5 Rd3 63. a7 f2 64. a8=Q+ Rd8 65. Qxd8+ 1-0

[Event "Gibraltar Chess Festival 2017 - Masters"]
[Site "Gibraltar ENG"]
[Date "2017.01.29"]
[Round "6.109"]
[White "Bauer, Dieter"]
[Black "Roman Lopez, Jesus"]
[Result "0-1"]
[WhiteElo "1772"]
[BlackElo "1962"]
[PlyCount "43"]
[EventDate "2017.01.24"]
[EventType "swiss"]
[EventRounds "10"]
[EventCountry "ENG"]
[SourceTitle "Ajedrez en Madrid"]
[Source "lmi"]
[SourceDate "2017.01.24"]

1. e4 e5 2. Nf3 Nc6 3. d4 exd4 4. Nxd4 Bc5 5. Be3 Qf6 6. c3 Nge7 7. Be2 O-O 8.
O-O Qg6 9. Re1 d6 10. Nd2 Bh3 11. Bf1 Bb6 12. Kh1 Bd7 13. Nc4 f5 14. Nxb6 axb6
15. exf5 Nxf5 16. Nb5 Nxe3 17. Rxe3 Rxf2 18. Nxc7 Raf8 19. Rf3 R8xf3 20. gxf3
Ne5 21. Qd5+ Kf8 22. Qd4 0-1

[Event "Gibraltar Chess Festival 2017 - Masters"]
[Site "Gibraltar ENG"]
[Date "2017.01.29"]
[Round "6.110"]
[White "Beadle, John R"]
[Black "Green, Per"]
[Result "0-1"]
[WhiteElo "1544"]
[BlackElo "1956"]
[PlyCount "36"]
[EventDate "2017.01.24"]
[EventType "swiss"]
[EventRounds "10"]
[EventCountry "ENG"]
[SourceTitle "Ajedrez en Madrid"]
[Source "lmi"]
[SourceDate "2017.01.24"]

1. e4 c5 2. Nf3 e6 3. d4 cxd4 4. Nxd4 Nf6 5. Nc3 Nc6 6. a3 a6 7. Be2 Qc7 8. O-O
Bd6 9. f4 Nxd4 10. e5 Nxe2+ 11. Qxe2 Bc5+ 12. Kh1 Nd5 13. Ne4 Be7 14. c4 Nb6
15. Be3 Qxc4 16. Qg4 Qxe4 17. Qxg7 Rf8 18. Bxb6 Qg6 0-1

[Event "Gibraltar Chess Festival 2017 - Masters"]
[Site "Gibraltar ENG"]
[Date "2017.01.29"]
[Round "6.111"]
[White "Lapusan, Razvan"]
[Black "Boerkamp, Harry"]
[Result "0-1"]
[WhiteElo "1525"]
[BlackElo "1955"]
[PlyCount "68"]
[EventDate "2017.01.24"]
[EventType "swiss"]
[EventRounds "10"]
[EventCountry "ENG"]
[SourceTitle "Ajedrez en Madrid"]
[Source "lmi"]
[SourceDate "2017.01.24"]

1. Nf3 Nf6 2. g3 Nc6 3. d4 d5 4. Bg2 Bf5 5. c3 e6 6. Bg5 Be7 7. O-O Nd7 8. Bxe7
Qxe7 9. Nbd2 h5 10. c4 g5 11. Re1 Nf8 12. e4 dxe4 13. Nxe4 Bxe4 14. Rxe4 g4 15.
Nh4 Qg5 16. d5 O-O-O 17. Qa4 exd5 18. cxd5 Rxd5 19. Re8+ Rd8 20. Bxc6 bxc6 21.
Rxd8+ Qxd8 22. Qxa7 Qd4 23. Re1 Nd7 24. Qa8+ Nb8 25. Qa3 Rd8 26. Ng2 Qd6 27.
Qa4 Qd4 28. Qc2 Rd5 29. b3 c5 30. Nf4 Qd2 31. Qe4 Rd6 32. Nxh5 Re6 33. Qxe6+
fxe6 34. Rxe6 Qd1+ 0-1

[Event "Gibraltar Chess Festival 2017 - Masters"]
[Site "Gibraltar ENG"]
[Date "2017.01.29"]
[Round "6.112"]
[White "Cramling Bellon, Anna"]
[Black "Koes, Richard"]
[Result "1/2-1/2"]
[WhiteElo "1954"]
[BlackElo "1830"]
[PlyCount "86"]
[EventDate "2017.01.24"]
[EventType "swiss"]
[EventRounds "10"]
[EventCountry "ENG"]
[SourceTitle "Ajedrez en Madrid"]
[Source "lmi"]
[SourceDate "2017.01.24"]

1. d4 Nf6 2. c4 e5 3. dxe5 Ng4 4. Bf4 Bb4+ 5. Nd2 Nc6 6. Ngf3 Qe7 7. e3 Ngxe5
8. Nxe5 Nxe5 9. Be2 d6 10. O-O O-O 11. a3 Bxd2 12. Qxd2 Be6 13. c5 Rfd8 14.
cxd6 cxd6 15. Rac1 f6 16. Rc3 Rac8 17. Rfc1 Rxc3 18. Rxc3 Rc8 19. Rxc8+ Bxc8
20. Qc3 Be6 21. h3 Qd7 22. Qa5 b6 23. Qc3 g5 24. Bg3 Qc8 25. Qxc8+ Bxc8 26. f4
Nf7 27. fxg5 fxg5 28. Bc4 Kg7 29. Bxf7 Kxf7 30. Bxd6 b5 31. Kf2 g4 32. hxg4
Bxg4 33. Kg3 Bf5 34. Kf4 Ke6 35. Bc5 a5 36. e4 Bg6 37. Bb6 a4 38. Bc7 Be8 39.
Kg5 Bg6 40. e5 Bd3 41. g4 Bc2 42. Kh6 Bd3 43. Kg7 Be4 1/2-1/2

[Event "Gibraltar Chess Festival 2017 - Masters"]
[Site "Gibraltar ENG"]
[Date "2017.01.29"]
[Round "6.113"]
[White "Obiamiwe, Paul"]
[Black "Day, Christopher"]
[Result "1-0"]
[WhiteElo "1926"]
[BlackElo "1760"]
[PlyCount "59"]
[EventDate "2017.01.24"]
[EventType "swiss"]
[EventRounds "10"]
[EventCountry "ENG"]
[SourceTitle "Ajedrez en Madrid"]
[Source "lmi"]
[SourceDate "2017.01.24"]

1. Nf3 d5 2. d4 Nf6 3. c4 c6 4. Qc2 e6 5. g3 Be7 6. Bg2 O-O 7. O-O Nbd7 8. Nbd2
Re8 9. e4 dxe4 10. Nxe4 Nxe4 11. Qxe4 Nf6 12. Qc2 c5 13. Rd1 Qb6 14. h3 Bd7 15.
dxc5 Qxc5 16. Be3 Qc7 17. Bf4 Qb6 18. Ne5 Rad8 19. Nxd7 Nxd7 20. Qb3 Bf6 21.
Bxb7 Bxb2 22. Rab1 Bf6 23. Qc2 Qa5 24. Rb5 Qc3 25. Qxc3 Bxc3 26. Bc7 Bf6 27.
Bxd8 Rxd8 28. Bc6 Nf8 29. Rxd8 Bxd8 30. c5 1-0

[Event "Gibraltar Chess Festival 2017 - Masters"]
[Site "Gibraltar ENG"]
[Date "2017.01.29"]
[Round "6.114"]
[White "Ramirez Leyva, Freddy"]
[Black "Gravett, Alan D"]
[Result "1-0"]
[WhiteElo "1862"]
[BlackElo "1820"]
[PlyCount "101"]
[EventDate "2017.01.24"]
[EventType "swiss"]
[EventRounds "10"]
[EventCountry "ENG"]
[SourceTitle "Ajedrez en Madrid"]
[Source "lmi"]
[SourceDate "2017.01.24"]

1. d4 Nf6 2. Nf3 d6 3. c4 g6 4. Nc3 Bg7 5. g3 O-O 6. Bg2 c5 7. d5 Na6 8. O-O
Nc7 9. Bg5 h6 10. Bd2 Rb8 11. a4 b6 12. Qc1 Kh7 13. e4 a6 14. e5 Nfe8 15. Re1
b5 16. axb5 axb5 17. Nxb5 Nxb5 18. cxb5 Rxb5 19. Bf1 Rb3 20. Bc3 Bg4 21. Bc4
Rb7 22. Nd2 dxe5 23. Bxe5 Bxe5 24. Rxe5 Qb8 25. Qc3 Rxb2 26. Rxe7 Qb4 27. Qxb4
cxb4 28. Ne4 Bf3 29. Rxe8 Rxe8 30. Nf6+ Kg7 31. Nxe8+ Kf8 32. Nd6 Rc2 33. Bb3
Rc3 34. Rb1 Rd3 35. Bc4 Rc3 36. Bb3 Ke7 37. Nb5 Rc5 38. Nd4 Bxd5 39. Bxd5 Rxd5
40. Rxb4 h5 41. Rb7+ Kf6 42. Ne2 g5 43. h3 Rd3 44. Rb5 Kg6 45. Kg2 f6 46. Rc5
f5 47. Rc6+ Kg7 48. Re6 g4 49. h4 Rd8 50. Nf4 Rh8 51. Rg6+ 1-0

[Event "Gibraltar Chess Festival 2017 - Masters"]
[Site "Gibraltar ENG"]
[Date "2017.01.29"]
[Round "6.115"]
[White "Robles, Bryan"]
[Black "Tranter, Stephen"]
[Result "1/2-1/2"]
[WhiteElo "1711"]
[BlackElo "1950"]
[PlyCount "84"]
[EventDate "2017.01.24"]
[EventType "swiss"]
[EventRounds "10"]
[EventCountry "ENG"]
[SourceTitle "Ajedrez en Madrid"]
[Source "lmi"]
[SourceDate "2017.01.24"]

1. d4 e6 2. c4 f5 3. Nc3 Nf6 4. e3 Bb4 5. Bd3 Bxc3+ 6. bxc3 b6 7. Ne2 Bb7 8.
O-O O-O 9. Ng3 Ne4 10. Bxe4 fxe4 11. d5 Qh4 12. Ba3 Re8 13. Qd4 d6 14. f4 exd5
15. cxd5 Nd7 16. c4 Nf6 17. Bb2 Bc8 18. f5 Re5 19. Rf4 Qh6 20. Qd2 Re7 21. Raf1
Bd7 22. Ne2 Rf8 23. Nd4 Nh5 24. R4f2 Nf6 25. h3 Nh5 26. Kh2 Qg5 27. g4 Nf6 28.
Ne6 Bxe6 29. fxe6 h5 30. Bxf6 Rxf6 31. Rxf6 gxf6 32. Rf5 Qg6 33. Rxh5 Rh7 34.
Rxh7 Qxh7 35. Qf2 c5 36. Qxf6 Qg7 37. Qd8+ Kh7 38. Qd7 b5 39. e7 Qb2+ 40. Kg3
Qe5+ 41. Kg2 Qb2+ 42. Kg3 Qe5+ 1/2-1/2

[Event "Gibraltar Chess Festival 2017 - Masters"]
[Site "Gibraltar ENG"]
[Date "2017.01.29"]
[Round "6.116"]
[White "Murray, J Stephen"]
[Black "Kuenitz, Klaus"]
[Result "1-0"]
[WhiteElo "1789"]
[BlackElo "1690"]
[PlyCount "43"]
[EventDate "2017.01.24"]
[EventType "swiss"]
[EventRounds "10"]
[EventCountry "ENG"]
[SourceTitle "Ajedrez en Madrid"]
[Source "lmi"]
[SourceDate "2017.01.24"]

1. e4 e6 2. d4 d5 3. Nd2 dxe4 4. Nxe4 Nd7 5. Nf3 Ngf6 6. Nxf6+ Nxf6 7. Bd3 c5
8. dxc5 Bxc5 9. Qe2 b6 10. Bg5 Bb7 11. Bb5+ Kf8 12. O-O h6 13. Rad1 Qc8 14.
Bxf6 gxf6 15. Rd2 a6 16. Bd3 Rg8 17. Be4 f5 18. Bxb7 Qxb7 19. Rfd1 Re8 20. Kf1
a5 21. Rd7 Qc6 22. Rxf7+ 1-0

[Event "Gibraltar Chess Festival 2017 - Masters"]
[Site "Gibraltar ENG"]
[Date "2017.01.29"]
[Round "6.117"]
[White "Ford, Clifton P"]
[Black "Bullock, Lee"]
[Result "1-0"]
[WhiteElo "1781"]
[BlackElo "1563"]
[PlyCount "29"]
[EventDate "2017.01.24"]
[EventType "swiss"]
[EventRounds "10"]
[EventCountry "ENG"]
[SourceTitle "Ajedrez en Madrid"]
[Source "lmi"]
[SourceDate "2017.01.24"]

1. d4 Nf6 2. c4 e6 3. g3 d5 4. Bg2 c5 5. cxd5 exd5 6. Nf3 Bd6 7. O-O Bf5 8. Nc3
a6 9. Bg5 Nbd7 10. Nxd5 h6 11. Nxf6+ gxf6 12. Be3 Qb6 13. dxc5 Nxc5 14. b4 Qxb4
15. Qxd6 1-0

[Event "Gibraltar Chess Festival 2017 - Masters"]
[Site "Gibraltar ENG"]
[Date "2017.01.29"]
[Round "6.118"]
[White "Tveten, Per"]
[Black "Neumanova, Monika"]
[Result "0-1"]
[WhiteElo "1486"]
[BlackElo "1707"]
[PlyCount "40"]
[EventDate "2017.01.24"]
[EventType "swiss"]
[EventRounds "10"]
[EventCountry "ENG"]
[SourceTitle "Ajedrez en Madrid"]
[Source "lmi"]
[SourceDate "2017.01.24"]

1. e4 c5 2. Nf3 Nc6 3. c4 e6 4. Nc3 a6 5. b3 d6 6. d3 Nf6 7. g3 b6 8. Bg2 Bb7
9. O-O Be7 10. Re1 O-O 11. Bb2 Qc7 12. e5 dxe5 13. Nxe5 Rad8 14. Qc2 Nxe5 15.
Bxb7 Nxd3 16. Red1 Nxb2 17. Rxd8 Rxd8 18. Bxa6 Nd3 19. Nb5 Qe5 20. Nc3 Nb4 0-1

[Event "Gibraltar Chess Festival 2017 - Masters"]
[Site "Gibraltar ENG"]
[Date "2017.01.30"]
[Round "7.2"]
[White "Vachier-Lagrave, Maxime"]
[Black "Adams, Michael"]
[Result "1-0"]
[WhiteElo "2796"]
[BlackElo "2751"]
[PlyCount "109"]
[EventDate "2017.01.24"]
[EventType "swiss"]
[EventRounds "10"]
[EventCountry "ENG"]
[SourceTitle "Ajedrez en Madrid"]
[Source "lmi"]
[SourceDate "2017.01.24"]

1. e4 e5 2. Nf3 Nc6 3. Bb5 Nf6 4. O-O Nxe4 5. d4 Nd6 6. Bxc6 dxc6 7. dxe5 Nf5
8. Qxd8+ Kxd8 9. h3 Be7 10. Nc3 Nh4 11. Nxh4 Bxh4 12. Be3 h5 13. Rad1+ Ke8 14.
Ne2 b6 15. a4 c5 16. Nc3 Bf5 17. Nb5 Bd8 18. Rd2 a6 19. Nc3 h4 20. a5 Rh5 21.
Rfd1 Bh7 22. Nd5 Be4 23. c4 Rb8 24. f4 Rf5 25. Nc3 Bb7 26. axb6 cxb6 27. Rd6
Bc7 28. Rd7 Bd8 29. Ne2 Rh5 30. e6 Be7 31. Rc7 Bc8 32. exf7+ Kf8 33. f5 Bxf5
34. g4 hxg3 35. Nxg3 Bc2 36. Rdd7 Re5 37. Bf4 Bf6 38. Nh5 Re1+ 39. Kf2 Bh4+ 40.
Ng3 Re6 41. Bd6+ Rxd6 42. Rxd6 Bf6 43. Rxf6 gxf6 44. Nh5 Rd8 45. Nxf6 Bf5 46.
Kg3 Rd6 47. Ng4 Rd4 48. b3 b5 49. Ne5 Re4 50. Rxc5 bxc4 51. Rd5 Rxe5 52. Rxe5
Bd3 53. b4 c3 54. Rc5 c2 55. Rc7 1-0

[Event "Gibraltar Chess Festival 2017 - Masters"]
[Site "Gibraltar ENG"]
[Date "2017.01.30"]
[Round "7.3"]
[White "Cheparinov, Ivan"]
[Black "Topalov, Veselin"]
[Result "1/2-1/2"]
[WhiteElo "2689"]
[BlackElo "2739"]
[PlyCount "85"]
[EventDate "2017.01.24"]
[EventType "swiss"]
[EventRounds "10"]
[EventCountry "ENG"]
[SourceTitle "Ajedrez en Madrid"]
[Source "lmi"]
[SourceDate "2017.01.24"]

1. d4 Nf6 2. c4 g6 3. f3 c5 4. d5 d6 5. Nc3 Bg7 6. e4 a6 7. a4 e6 8. Nge2 exd5
9. cxd5 Nbd7 10. Bg5 h6 11. Be3 h5 12. Nf4 Ne5 13. Be2 O-O 14. O-O Rb8 15. Qc2
Bd7 16. a5 Ne8 17. Na4 Qxa5 18. b4 Bxa4 19. Rxa4 Qd8 20. bxc5 dxc5 21. Qxc5 Nd6
22. Qb4 Re8 23. Rc1 Qf6 24. Ne6 fxe6 25. Qxd6 Nf7 26. Qc5 b6 27. Qc7 exd5 28.
Rxa6 dxe4 29. Rc6 Rbc8 30. Qxc8 Rxc8 31. Rxf6 Bxf6 32. fxe4 Nd6 33. Rxb6 Be5
34. Rb3 Nxe4 35. Bd3 Nc5 36. Bc4+ Kg7 37. Rb5 Bd6 38. Rb6 Be5 39. Rb5 Bd6 40.
Bd4+ Kf8 41. Rb1 Nd7 42. Be6 Rc7 43. Rf1+ 1/2-1/2

[Event "Gibraltar Chess Festival 2017 - Masters"]
[Site "Gibraltar ENG"]
[Date "2017.01.30"]
[Round "7.4"]
[White "Dragnev, Valentin"]
[Black "Yu, Yangyi"]
[Result "0-1"]
[WhiteElo "2492"]
[BlackElo "2738"]
[PlyCount "52"]
[EventDate "2017.01.24"]
[EventType "swiss"]
[EventRounds "10"]
[EventCountry "ENG"]
[SourceTitle "Ajedrez en Madrid"]
[Source "lmi"]
[SourceDate "2017.01.24"]

1. e4 c5 2. Nf3 e6 3. d4 cxd4 4. Nxd4 Nc6 5. Nc3 a6 6. Bf4 d6 7. Nxc6 bxc6 8.
Qd2 Be7 9. h4 e5 10. Bg5 f6 11. Be3 f5 12. Bg5 fxe4 13. Nxe4 d5 14. O-O-O Nf6
15. Nxf6+ gxf6 16. Bh6 Qb6 17. Be2 Be6 18. Bh5+ Kd7 19. f4 Rhb8 20. b3 a5 21.
fxe5 a4 22. Qf4 axb3 23. axb3 Qa5 24. Bg4 Qc3 25. Bxe6+ Kxe6 26. Qg4+ f5 0-1

[Event "Gibraltar Chess Festival 2017 - Masters"]
[Site "Gibraltar ENG"]
[Date "2017.01.30"]
[Round "7.5"]
[White "Svidler, Peter"]
[Black "Short, Nigel D"]
[Result "1/2-1/2"]
[WhiteElo "2748"]
[BlackElo "2675"]
[PlyCount "59"]
[EventDate "2017.01.24"]
[EventType "swiss"]
[EventRounds "10"]
[EventCountry "ENG"]
[SourceTitle "Ajedrez en Madrid"]
[Source "lmi"]
[SourceDate "2017.01.24"]

1. e4 e6 2. d4 d5 3. Nc3 Nf6 4. e5 Nfd7 5. f4 c5 6. Nf3 Nc6 7. Be3 Be7 8. Qd2
O-O 9. a3 cxd4 10. Nxd4 Nxd4 11. Bxd4 Nb8 12. Bd3 Nc6 13. Bf2 a6 14. O-O f6 15.
exf6 Bxf6 16. Na4 b5 17. Nb6 Rb8 18. Nxc8 Qxc8 19. c3 g6 20. Qe2 Qd7 21. Rae1
e5 22. Bc5 Rf7 23. fxe5 Bxe5 24. Rxf7 Qxf7 25. a4 bxa4 26. Bxa6 Qc7 27. Kh1
Bxh2 28. Bb5 Ne5 29. Bd4 Bg3 30. Bxe5 1/2-1/2

[Event "Gibraltar Chess Festival 2017 - Masters"]
[Site "Gibraltar ENG"]
[Date "2017.01.30"]
[Round "7.7"]
[White "Vocaturo, Daniele"]
[Black "Naiditsch, Arkadij"]
[Result "1/2-1/2"]
[WhiteElo "2606"]
[BlackElo "2702"]
[PlyCount "188"]
[EventDate "2017.01.24"]
[EventType "swiss"]
[EventRounds "10"]
[EventCountry "ENG"]
[SourceTitle "Ajedrez en Madrid"]
[Source "lmi"]
[SourceDate "2017.01.24"]

1. d4 Nf6 2. c4 e6 3. Nc3 d5 4. cxd5 exd5 5. Bg5 c6 6. e3 Bf5 7. Qf3 Bg6 8.
Bxf6 Qxf6 9. Qxf6 gxf6 10. Nf3 Nd7 11. Nh4 Nb6 12. O-O-O Nc8 13. Ne2 Nd6 14.
Ng3 Ke7 15. Bd3 Ke6 16. Ne2 f5 17. Nf3 Ne4 18. Rdf1 Bd6 19. h4 h5 20. Ng5+ Nxg5
21. hxg5 h4 22. Nf4+ Kd7 23. Rh3 Be7 24. Rf3 Bxg5 25. Nh3 Be7 26. Bxf5+ Bxf5
27. Rxf5 Rag8 28. Nf4 f6 29. Kd1 Rg5 30. Rxg5 fxg5 31. Ng6 Rh6 32. Ne5+ Ke6 33.
Ng4 Rh8 34. Ke2 Kf5 35. f3 a5 36. a4 Bd6 37. Kd3 c5 38. dxc5 Bxc5 39. Rc1 b6
40. Rd1 Ke6 41. b3 b5 42. Rc1 Kd6 43. e4 bxa4 44. bxa4 dxe4+ 45. fxe4 Bb4 46.
Kd4 Rf8 47. Rc2 Rf4 48. Ne3 Be1 49. Nf5+ Kd7 50. Ke5 Bb4 51. Ne3 Bd6+ 52. Kd5
Bc7 53. Rc6 Rf2 54. Rg6 Rd2+ 55. Kc4 Bf4 56. Nd5 Bg3 57. e5 Bxe5 58. Rxg5 Ke6
59. Rg6+ Kf7 60. Rg4 Bg3 61. Ne3 Kf6 62. Kc3 Rd8 63. Re4 Kg5 64. Rg4+ Kf6 65.
Re4 Kg5 66. Rg4+ Kh5 67. Re4 Rd7 68. Nf5 Bf2 69. Re2 Bb6 70. Re4 Bd8 71. Ne3
Bf6+ 72. Kc2 Bg5 73. Nc4 Rd5 74. Kc3 Kg6 75. Ne3 Rd6 76. Re8 Bf6+ 77. Kc4 Rd2
78. Rg8+ Kh7 79. Rg4 Kh6 80. Nd5 Bg5 81. Nc3 Rb2 82. Ne4 Be7 83. Kd3 Ra2 84.
Nc3 Ra3 85. Kc2 Kh5 86. Re4 Bb4 87. Nd5 Rxa4 88. Nf4+ Kg4 89. Ne2+ Kg5 90. Nd4
Ra2+ 91. Kb3 Ra3+ 92. Kc4 Rc3+ 93. Kb5 Rc5+ 94. Ka4 Kh5 1/2-1/2

[Event "Gibraltar Chess Festival 2017 - Masters"]
[Site "Gibraltar ENG"]
[Date "2017.01.30"]
[Round "7.8"]
[White "Lagarde, Maxime"]
[Black "Matlakov, Maxim"]
[Result "0-1"]
[WhiteElo "2594"]
[BlackElo "2701"]
[PlyCount "102"]
[EventDate "2017.01.24"]
[EventType "swiss"]
[EventRounds "10"]
[EventCountry "ENG"]
[SourceTitle "Ajedrez en Madrid"]
[Source "lmi"]
[SourceDate "2017.01.24"]

1. e4 e5 2. Nf3 Nc6 3. Bc4 Bc5 4. O-O Nf6 5. d3 d6 6. c3 a6 7. Bb3 h6 8. Nbd2
O-O 9. h3 Be6 10. Bc2 Re8 11. Re1 d5 12. exd5 Qxd5 13. b4 Ba7 14. a3 Bf5 15.
Ne4 Nxe4 16. dxe4 Qxd1 17. Bxd1 Be6 18. Be2 Red8 19. a4 f6 20. a5 Ne7 21. Nd2
Ng6 22. Nc4 Nf4 23. Bxf4 exf4 24. Rad1 Kf8 25. e5 f5 26. Nd2 g5 27. Nf3 Bb3 28.
Rd2 Rxd2 29. Nxd2 Ba4 30. Kf1 Rd8 31. Nf3 Ke7 32. Bc4 Bc2 33. Ke2 Be4 34. Kf1
Bd3+ 35. Bxd3 Rxd3 36. Rc1 g4 37. Ke2 Rd5 38. Nd4 Rxe5+ 39. Kd3 c6 40. Rh1 g3
41. Rf1 Kf6 42. h4 Re4 43. fxg3 Bxd4 44. cxd4 Re3+ 45. Kc4 fxg3 46. Kc5 Re2 47.
Kb6 Rxg2 48. Kxb7 Rb2 49. Kxa6 g2 50. Rg1 f4 51. Ka7 f3 0-1

[Event "Gibraltar Chess Festival 2017 - Masters"]
[Site "Gibraltar ENG"]
[Date "2017.01.30"]
[Round "7.9"]
[White "Zvjaginsev, Vadim"]
[Black "Fridman, Daniel"]
[Result "0-1"]
[WhiteElo "2679"]
[BlackElo "2594"]
[PlyCount "82"]
[EventDate "2017.01.24"]
[EventType "swiss"]
[EventRounds "10"]
[EventCountry "ENG"]
[SourceTitle "Ajedrez en Madrid"]
[Source "lmi"]
[SourceDate "2017.01.24"]

1. e4 c6 2. d4 d5 3. exd5 cxd5 4. Bd3 Nc6 5. c3 Nf6 6. h3 g6 7. Nf3 Bf5 8. O-O
Bxd3 9. Qxd3 e6 10. Bf4 Bd6 11. Bh6 Bf8 12. Qe3 Bxh6 13. Qxh6 Ng8 14. Qf4 Qf6
15. Qh2 Nge7 16. Nbd2 g5 17. b4 Rc8 18. Rac1 Ng6 19. Nb3 Nf4 20. Kh1 Rg8 21. b5
Ne7 22. Ne5 h5 23. Na5 b6 24. Nac6 Nxc6 25. bxc6 g4 26. c4 dxc4 27. Rxc4 gxh3
28. g3 Qf5 29. f3 f6 30. Nd7 Kf7 31. Rc2 Nd5 32. Rcc1 Rc7 33. g4 hxg4 34. Ne5+
Ke8 35. Nc4 g3 36. Nd6+ Kd8 37. Nxf5 gxh2 38. Nh6 Rg2 39. Ng4 Nf4 40. Nf2 Rcg7
41. c7+ Kc8 0-1